Normal view MARC view
  • Jose Monterio

Entry Personal Name

Number of records used in: 1

001 - CONTROL NUMBER

  • control field: 127111

003 - CONTROL NUMBER IDENTIFIER

  • control field: NUST

005 - DATE AND TIME OF LATEST TRANSACTION

  • control field: 20241212144924.0

008 - FIXED-LENGTH DATA ELEMENTS

  • fixed length control field: 241212|| aca||aabn | a|a d

040 ## - CATALOGING SOURCE

  • Original cataloging agency: NUST
  • Transcribing agency: NUST

100 ## - HEADING--PERSONAL NAME

  • Personal name: Jose Monterio

670 ## - SOURCE DATA FOUND

  • Source citation: Work cat.: (NUST): Jose Monterio, Computer aided design techniques for lower power Sequential logic circuits, 1997.
© 2023 Central Library, National University of Sciences and Technology. All Rights Reserved.